000 00474pab a2200169 454500
008 180718b2001 xxu||||| |||| 00| 0 eng d
100 _aJence, Gyogy
245 _aPublic sector performance in a new democratic state: the Hungarian case
260 _c2001
300 _ap.77-98
362 _aMar
650 _aCivil service - Hungary
650 _aCivil service
700 _aZupko, Gabor
773 _aInternational Review of Administrative Sciences
909 _a49099
999 _c49099
_d49099